| 000 | 00425nam a2200145Ia 4500 | ||
|---|---|---|---|
| 008 | 211109s9999||||xx |||||||||||||| ||und|| | ||
| 082 |
_a894.8120 _bKUT-B |
||
| 100 | _aKuttikrishna Marrar, | ||
| 245 | 0 | _aBharatha Pariyadanam 2nd Edn | |
| 260 |
_bSAHITHYA PRVARTHAKA SANGHAM _aKottayam _c1953 |
||
| 300 | _a218p. | ||
| 630 | _xGeneral Stack | ||
| 650 |
_aMALAYALAM LITERATURE _vMALAYALAMLITERATURE _xGeneralia |
||
| 942 | _cBOOK | ||
| 999 |
_c17009 _d17009 |
||